Rangeland Systems: processes, management and challenges (Record no. 9598)

MARC details
000 -LEADER
fixed length control field 00576nam a22002057a 4500
003 - CONTROL NUMBER IDENTIFIER
control field OSt
005 - DATE AND TIME OF LATEST TRANSACTION
control field 20251124110953.0
008 - FIXED-LENGTH DATA ELEMENTS--GENERAL INFORMATION
fixed length control field 251122b |||||||| |||| 00| 0 eng d
020 ## - INTERNATIONAL STANDARD BOOK NUMBER
International Standard Book Number 9783319467078
040 ## - CATALOGING SOURCE
Transcribing agency DDC
082 ## - DEWEY DECIMAL CLASSIFICATION NUMBER
Classification number 333 RAN 2017
100 ## - MAIN ENTRY--PERSONAL NAME
Personal name Editor Briske, David D.
9 (RLIN) 19529
245 ## - TITLE STATEMENT
Title Rangeland Systems: processes, management and challenges
260 ## - PUBLICATION, DISTRIBUTION, ETC. (IMPRINT)
Place of publication, distribution, etc. USA; Springer open, 2017
300 ## - PHYSICAL DESCRIPTION
Extent xv,661p.; Ill: 23.5cm
504 ## - BIBLIOGRAPHY, ETC. NOTE
Bibliography, etc References, & Index included
650 ## - SUBJECT ADDED ENTRY--TOPICAL TERM
Topical term or geographic name as entry element Rangeland Systems
9 (RLIN) 19530
650 ## - SUBJECT ADDED ENTRY--TOPICAL TERM
Topical term or geographic name as entry element Land farm
9 (RLIN) 19531
942 ## - ADDED ENTRY ELEMENTS (KOHA)
Source of classification or shelving scheme Dewey Decimal Classification
Koha item type Open Shelf
Holdings
Withdrawn status Lost status Source of classification or shelving scheme Damaged status Not for loan Home library Current library Date acquired Source of acquisition Inventory number Total Checkouts Full call number Barcode Date last seen Koha item type
    Dewey Decimal Classification     MUST Main Library MUST Main Library 22/11/2025 Purchase 25/42458   333 RAN 2017 2025-0200 22/11/2025 Open Shelf
    Dewey Decimal Classification     MUST Main Library MUST Main Library 22/11/2025 Purchase 25/42459   333 RAN 2017 2025-0201 22/11/2025 Open Shelf